| 000 | 01653cam a22002653a 4500 | ||
|---|---|---|---|
| 001 | 1478 | ||
| 003 | PGUSA | ||
| 005 | 20140828083001.0 | ||
| 008 | 981001s1998||||xxu|||||s|||||000 i eng d | ||
| 040 |
_aPGUSA _beng |
||
| 042 | _adc | ||
| 050 | 4 | _aPN | |
| 100 | 1 |
_aStewart, Donald Ogden, _d1894-1980 |
|
| 245 | 1 | 2 |
_aA Parody Outline of History : _bWherein May Be Found a Curiously Irreverent Treatment of American Historical Events, Imagining Them as They Would Be Narrated by America's Most Characteristic Contemporary Authors _h[electronic resource] / _cDonald Ogden Stewart |
| 260 |
_bProject Gutenberg, _c1998 |
||
| 505 | 0 | _aIntroduction: A critical survey of American history, in the manner of William Lyon Phelps -- Cristofer Colombo: A comedy of discovery, in the manner of James Branch Cabell -- Main Street: Plymouth, Mass., in the manner of Sinclair Lewis -- Courtship of Miles Standish, in the manner of F. Scott Fitzgerald -- Spirit of '75: Letters of a Minute Man, in the manner of Ring Lardner -- The Whiskey Rebellion, in the bedtime story manner of Thornton W. Burgess -- How love came to General Grant, in the manner of Harold Bell Wright -- Custer's last stand, in the manner of Edith Wharton -- For the freedom of the world: A drama of the Great War. Act I in the manner of Mary Raymond Shipman Andrews; Act 2 in the manner of Eugene O'Neill. | |
| 506 | _aPublic domain in the USA. | ||
| 516 | _aElectronic text | ||
| 653 | _aParodies | ||
| 653 | _aUnited States -- History -- Humor | ||
| 700 | 1 |
_aRoth, Herb, _d1887-1953 |
|
| 830 | 0 |
_aProject Gutenberg _v1478 |
|
| 856 | 4 | 0 | _uhttp://www.gutenberg.org/ebooks/1478 |
| 942 | _cEB | ||
| 999 |
_c230826 _d230826 |
||